000 00245nmm a2200085Ia 4500
008 220120s9999||||xx |||||||||||||||||und||
100 _aDigit
245 0 _aBuild apps for kitkat 4.4 and wp8 using, pdf archieves, 24 a
260 _aNine dot Nine
_c2013
999 _c139876
_d139876